San José Earthquakes current squad - Statistics

General Stats
  • This quiz has been taken 6 times
  • The average score is 2 of 28
Answer Stats
Number Player % Correct
10 Cristian Espinoza
50%
11 Jeremy Ebobisse
50%
16 Jack Skahan
25%
1 JT Marcinkowski
25%
3 Paul Marie
25%
6 Shea Salinas
25%
22 Tommy Thompson
25%
28 Benjamin Kikanovic
0%
44 Cade Cowell
0%
77 Casey Walls
0%
5 Eric Remedi
0%
80 Francisco Calvo
0%
18 George Asomani
0%
21 Gilbert Fuentes
0%
14 Jackson Yueill
0%
35 Jamiro Monteiro
0%
17 Jan Gregus
0%
9 Javier Lopez
0%
93 Judson
0%
27 Marcos Lopez
0%
12 Matt Bersano
0%
13 Nathan
0%
30 Niko Tsakiris
0%
23 Oskar Agren
0%
25 Ousseni Bouda
0%
19 Siad Haji
0%
15 Tanner Beason
0%
20 Will Richmond
0%
No matching quizzes found
Score Distribution
Percent of People with Each Score
Percentile by Number Answered
Your Score History
You have not taken this quiz